000 00586nam a2200205Ia 4500
005 20250508162650.0
008 008 250505s9999 xx 000 0 eng d
020 _a0-8039-0745-1
037 _aTextual
040 _aFEDL
_beng
_cFEDL
041 _aeng
_2eng
084 _a371.3, SCH
_qFEDL
100 _aSchramm Wilbur
245 0 _aBig media little media : Toots and technologies for instruction
260 _aLondon, UK
_bSage Publications
_c1977
300 _a313p.
650 _aTeaching Technique
942 _cTEXL
_h371.3, SCH
999 _c1377932
_d1377932